000 00245nam a2200097Ia 4500
005 20251222114343.0
008 251222s1900||||xx |||||||||||||| ||spa||
082 _aDVD0093/U61S/2003
245 0 _aCharla: estado, nación y subsidiariedad:
942 _cDVD
999 _c922
_d922